| 000 | 00518nam a22001817a 4500 | ||
|---|---|---|---|
| 003 | BDDh-ASL | ||
| 005 | 20231015031037.0 | ||
| 008 | 221021s1901 p ||||| |||| 00| 0 urd d | ||
| 040 |
_aBDDh-ASL _cBDDh-ASL |
||
| 041 | _aurd | ||
| 082 |
_a297 _bWAS |
||
| 100 | 1 |
_94809 _aWaliullah, Shah |
|
| 245 | 1 | 0 | _aShamsulllahil Bajigha, Vol-2 : / شمس اللہ البازغہ |
| 260 |
_aLahore : _bHemayat-e Islam , _c1901/1323 H. |
||
| 300 |
_a516 p. : _c27 cm. |
||
| 650 | 0 |
_92539 _aIslamic Philosophy |
|
| 942 |
_2ddc _cBK |
||
| 999 |
_c29585 _d29585 |
||